000 00774nam a22002651 4500
001 8415
003 BD-RjUL
005 20211208234602.0
008 140118s1957 mauae 00110 eng d
035 _a(BD-RjUL)8460
040 _aDLC
_cDLC
_dm.c.
_dBOS
_dBD-RjUL
_beng
041 _aeng
082 _a523.113
_bBOM 1957
090 _aQB819
_bF571
100 1 _aBok, Bart Jan,
_d1906-
_926192
245 0 4 _aThe Milky Way /
_c Bart J. Bok and Priscilla F. Bok.
250 _a3d ed.
260 _aCambridge,
_bHarvard University Press,
_cc1957.
300 _avi, 269 p. :
_billus.
_c24 cm.
490 0 _aThe Harvard books on astronomy.
651 0 _aMilky Way.
_926193
700 1 0 _aBok, Priscilla Fairfield
_ejoint author.
_926194
942 _2ddc
_cBK
999 _c8415
_d8415